| 000 | 00792nam a2200241 a 4500 | ||
|---|---|---|---|
| 999 |
_c3084 _d3084 |
||
| 001 | 19803 | ||
| 003 | BD-DhUAP | ||
| 005 | 20220918202443.0 | ||
| 008 | 200301s2007 enka b 001 0 eng | ||
| 020 | _a9781845113810 (hbk.) | ||
| 020 | _a1845113810 (hbk.) | ||
| 040 |
_aUKM _cUKM _dBD-DhUAP _bEng |
||
| 082 | 0 | 4 |
_223 _a726.2095492 HAS |
| 100 | 1 |
_aHasan, Perween. _95116 |
|
| 245 | 1 | 0 |
_aSultans and mosques : _bthe early Muslim architecture of Bangladesh / _cPerween Hasan. |
| 260 |
_aLondon : _bI. B. Tauris, _cc2007. |
||
| 300 |
_axiii, 241 pages : _billustrations ; _c26 cm. |
||
| 504 | _aInclude index. | ||
| 650 | 0 |
_aMosques _zBangladesh _xHistory. _95117 |
|
| 650 | 0 |
_aIslamic architecture _zBangladesh _xHistory. _95118 |
|
| 942 |
_2ddc _cBK |
||